[Event "Eliminacje Strefowe do MPJ WP+ZP - C-13"]
[Site "Skorzecin"]
[Date "2018.09.25"]
[Round "3.2"]
[White "Ullrich, Karol"]
[Black "Lakowski, Filip"]
[Result "0-1"]
[BlackElo "1195"]
[WhiteElo "1330"]
[LiveChessVersion "1.4.8"]

1. e4 {[%clk 1:30:59]} g6 {[%clk 1:30:59]} 2. d4 {[%clk 1:31:22]} Bg7
{[%clk 1:31:25]} 3. Nf3 {[%clk 1:31:47]} d6 {[%clk 1:31:51]} 4. Nc3
{[%clk 1:32:12]} a6 {[%clk 1:32:18]} 5. Be2 {[%clk 1:32:22]} b5 {[%clk 1:32:43]}
6. b4 {[%clk 1:32:21]} Bb7 {[%clk 1:32:52]} 7. O-O {[%clk 1:32:27]} Nd7
{[%clk 1:33:18]} 8. Re1 {[%clk 1:32:41]} c5 {[%clk 1:33:00]} 9. bxc5
{[%clk 1:24:38]} dxc5 {[%clk 1:33:18]} 10. e5 {[%clk 1:22:23]} cxd4
{[%clk 1:24:25]} 11. Qxd4 {[%clk 1:22:05]} Nxe5 {[%clk 1:21:43]} 12. Qxd8+
{[%clk 1:22:19]} Rxd8 {[%clk 1:22:09]} 13. Nxe5 {[%clk 1:17:49]} Bxe5
{[%clk 1:19:44]} 14. Bb2 {[%clk 1:18:04]} Bg7 {[%clk 1:18:08]} 15. Na4
{[%clk 1:16:30]} Bxb2 {[%clk 1:17:07]} 16. Nxb2 {[%clk 1:16:55]} Nf6
{[%clk 1:17:30]} 17. Nd3 {[%clk 1:16:54]} Rc8 {[%clk 1:17:06]} 18. Rec1
{[%clk 1:12:26]} O-O {[%clk 1:17:00]} 19. a4 {[%clk 1:12:40]} Ne4
{[%clk 1:14:08]} 20. axb5 {[%clk 1:11:33]} axb5 {[%clk 1:14:31]} 21. Bf3
{[%clk 1:11:36]} Nd6 {[%clk 1:14:54]} 22. Bxb7 {[%clk 1:11:46]} Nxb7
{[%clk 1:15:19]} 23. Ra7 {[%clk 1:12:12]} Rfd8 {[%clk 1:10:23]} 24. Rxb7
{[%clk 1:09:33]} Rxd3 {[%clk 1:10:45]} 25. Kf1 {[%clk 1:08:42]} Rdc3
{[%clk 1:08:57]} 26. Rxe7 {[%clk 1:03:20]} Rxc2 {[%clk 1:09:21]} 27. Rb1
{[%clk 1:03:34]} Rc1+ {[%clk 1:09:24]} 28. Rxc1 {[%clk 1:03:52]} Rxc1+
{[%clk 1:09:50]} 29. Ke2 {[%clk 1:04:19]} b4 {[%clk 1:09:53]} 30. Rb7
{[%clk 1:04:33]} Rb1 {[%clk 1:10:03]} 31. g3 {[%clk 1:03:59]} Kg7
{[%clk 1:09:23]} 32. Kd3 {[%clk 1:04:20]} h5 {[%clk 1:08:14]} 33. Kc4
{[%clk 1:03:22]} Rb2 {[%clk 1:08:29]} 34. Rxb4 {[%clk 0:57:36]} Rxf2
{[%clk 1:05:50]} 35. h4 {[%clk 0:58:01]} Rf3 {[%clk 1:05:58]} 36. Rb3
{[%clk 0:58:27]} Rxb3 {[%clk 1:05:34]} 37. Kxb3 {[%clk 0:58:52]} Kf6
{[%clk 1:06:01]} 38. Kc3 {[%clk 0:59:02]} Kf5 {[%clk 1:06:25]} 39. Kd4
{[%clk 0:59:27]} Kg4 {[%clk 1:06:34]} 40. Ke5 {[%clk 0:59:51]} Kxg3
{[%clk 1:06:36]} 41. Kf6 {[%clk 1:00:16]} Kxh4 {[%clk 1:07:00]} 42. Kxf7
{[%clk 1:00:42]} g5 {[%clk 1:07:22]} 0-1

[Event "Eliminacje Strefowe do MPJ WP+ZP - C-13"]
[Site "Skorzecin"]
[Date "2018.09.25"]
[Round "3.3"]
[White "Jedraszek, Pawel"]
[Black "Kossowski, Pawel"]
[Result "1/2-1/2"]
[BlackElo "1506"]
[WhiteElo "1613"]
[LiveChessVersion "1.4.8"]

1. e4 {[%clk 1:30:59]} e5 {[%clk 1:30:54]} 2. Nf3 {[%clk 1:31:26]} Nc6
{[%clk 1:30:44]} 3. Bb5 {[%clk 1:31:52]} a6 {[%clk 1:30:43]} 4. Ba4
{[%clk 1:32:14]} Nf6 {[%clk 1:30:39]} 5. O-O {[%clk 1:32:30]} Be7
{[%clk 1:30:39]} 6. Re1 {[%clk 1:32:11]} b5 {[%clk 1:30:53]} 7. Bb3
{[%clk 1:32:37]} d6 {[%clk 1:31:07]} 8. c3 {[%clk 1:32:07]} O-O {[%clk 1:31:16]}
9. h3 {[%clk 1:31:26]} Na5 {[%clk 1:30:33]} 10. Bc2 {[%clk 1:30:47]} c5
{[%clk 1:30:24]} 11. d4 {[%clk 1:28:53]} Nd7 {[%clk 1:29:29]} 12. Nbd2
{[%clk 1:27:37]} exd4 {[%clk 1:29:26]} 13. cxd4 {[%clk 1:27:48]} Nc6
{[%clk 1:29:18]} 14. Nf1 {[%clk 1:25:52]} cxd4 {[%clk 1:26:07]} 15. Nxd4
{[%clk 1:25:30]} Nxd4 {[%clk 1:25:41]} 16. Qxd4 {[%clk 1:25:51]} Qc7
{[%clk 1:25:17]} 17. Bb3 {[%clk 1:22:06]} Bf6 {[%clk 1:24:36]} 18. Qd1
{[%clk 1:21:23]} Bb7 {[%clk 1:22:56]} 19. Bf4 {[%clk 1:18:41]} Ne5
{[%clk 1:18:22]} 20. Ng3 {[%clk 1:15:16]} g6 {[%clk 1:17:37]} 21. Rc1
{[%clk 1:13:23]} Qb6 {[%clk 1:15:52]} 22. Qd2 {[%clk 1:11:35]} Rac8
{[%clk 1:11:33]} 23. Red1 {[%clk 1:08:24]} Rxc1 {[%clk 1:06:05]} 24. Rxc1
{[%clk 1:08:23]} Rc8 {[%clk 1:06:00]} 25. Be3 {[%clk 1:01:52]} Rxc1+
{[%clk 1:03:16]} 26. Qxc1 {[%clk 1:02:04]} Qc6 {[%clk 1:03:19]} 27. Qd2
{[%clk 1:00:08]} Qc7 {[%clk 1:01:48]} 28. f3 {[%clk 0:58:31]} Nd7
{[%clk 0:57:23]} 29. Bd4 {[%clk 0:54:28]} Bxd4+ {[%clk 0:53:38]} 30. Qxd4
{[%clk 0:54:52]} Qc5 {[%clk 0:54:03]} 31. Ne2 {[%clk 0:53:43]} Ne5
{[%clk 0:54:04]} 32. Qxc5 {[%clk 0:47:16]} dxc5 {[%clk 0:54:14]} 33. Nc1
{[%clk 0:39:41]} Kf8 {[%clk 0:50:49]} 34. Kf2 {[%clk 0:39:51]} Ke7
{[%clk 0:49:59]} 35. Ke3 {[%clk 0:39:14]} c4 {[%clk 0:49:31]} 36. Bc2
{[%clk 0:39:02]} Kd6 {[%clk 0:49:24]} 37. a3 {[%clk 0:36:22]} h5 {[%clk 0:45:57]}
1/2-1/2

[Event "Eliminacje Strefowe do MPJ WP+ZP - C-13"]
[Site "Skorzecin"]
[Date "2018.09.25"]
[Round "3.4"]
[White "Mozdzanowski, Filip"]
[Black "Wojdak, Jan"]
[Result "0-1"]
[BlackElo "1848"]
[WhiteElo "1474"]
[LiveChessVersion "1.4.8"]

1. c4 {[%clk 1:30:58]} e6 {[%clk 1:30:55]} 2. g3 {[%clk 1:31:21]} d5
{[%clk 1:31:21]} 3. Bg2 {[%clk 1:31:44]} c6 {[%clk 1:31:46]} 4. b3
{[%clk 1:30:13]} Nf6 {[%clk 1:32:03]} 5. Bb2 {[%clk 1:30:08]} Be7
{[%clk 1:32:28]} 6. Nf3 {[%clk 1:29:33]} Nbd7 {[%clk 1:32:49]} 7. d3
{[%clk 1:29:21]} O-O {[%clk 1:31:15]} 8. Nbd2 {[%clk 1:28:58]} b6
{[%clk 1:31:02]} 9. O-O {[%clk 1:29:07]} Bb7 {[%clk 1:30:55]} 10. e4
{[%clk 1:14:29]} dxe4 {[%clk 1:31:01]} 11. dxe4 {[%clk 1:13:54]} Nc5
{[%clk 1:26:06]} 12. e5 {[%clk 1:06:29]} Ne8 {[%clk 1:16:51]} 13. Qe2
{[%clk 0:58:32]} Qd3 {[%clk 1:16:22]} 14. Qxd3 {[%clk 0:47:36]} Nxd3
{[%clk 1:16:22]} 15. Bc3 {[%clk 0:47:52]} Rd8 {[%clk 1:00:55]} 16. Rad1
{[%clk 0:46:23]} Nb4 {[%clk 0:56:38]} 17. Bxb4 {[%clk 0:44:20]} Bxb4
{[%clk 0:56:59]} 18. Ne4 {[%clk 0:42:30]} Rxd1 {[%clk 0:53:10]} 19. Rxd1
{[%clk 0:42:53]} c5 {[%clk 0:53:09]} 20. Ne1 {[%clk 0:34:18]} Bxe4
{[%clk 0:48:11]} 21. Bxe4 {[%clk 0:34:17]} Bc3 {[%clk 0:46:47]} 22. f4
{[%clk 0:33:37]} f6 {[%clk 0:46:50]} 23. exf6 {[%clk 0:32:28]} Nxf6
{[%clk 0:46:33]} 24. Bf3 {[%clk 0:32:18]} e5 {[%clk 0:44:50]} 25. fxe5
{[%clk 0:31:58]} Bxe5 {[%clk 0:45:17]} 26. Kg2 {[%clk 0:32:02]} g5
{[%clk 0:43:30]} 27. Nc2 {[%clk 0:29:08]} Re8 {[%clk 0:39:46]} 28. Bc6
{[%clk 0:26:58]} Re7 {[%clk 0:38:37]} 29. Rd3 {[%clk 0:20:44]} h5
{[%clk 0:34:42]} 30. Bd5+ {[%clk 0:17:04]} Kh7 {[%clk 0:33:24]} 31. Bc6
{[%clk 0:16:55]} Kg6 {[%clk 0:31:15]} 32. Re3 {[%clk 0:15:26]} h4
{[%clk 0:24:32]} 33. Ne1 {[%clk 0:11:18]} h3+ {[%clk 0:23:33]} 34. Kxh3
{[%clk 0:09:04]} Rh7+ {[%clk 0:23:41]} 35. Kg2 {[%clk 0:09:28]} Rxh2+
{[%clk 0:23:42]} 36. Kxh2 {[%clk 0:09:03]} Ng4+ {[%clk 0:24:10]} 37. Kh3
{[%clk 0:09:06]} Nxe3 {[%clk 0:24:37]} 38. Be4+ {[%clk 0:08:57]} Kf6
{[%clk 0:24:41]} 39. g4 {[%clk 0:09:02]} Nd1 {[%clk 0:24:58]} 40. Nd3
{[%clk 0:08:28]} Nc3 {[%clk 0:25:13]} 41. Nf2 {[%clk 0:07:20]} Bd4
{[%clk 0:25:12]} 0-1

[Event "Eliminacje Strefowe do MPJ WP+ZP - C-13"]
[Site "Skorzecin"]
[Date "2018.09.26"]
[Round "4.1"]
[White "Lakowski, Filip"]
[Black "Ochedzan, Tymon"]
[Result "0-1"]
[BlackElo "1890"]
[WhiteElo "1195"]
[LiveChessVersion "1.4.8"]

1. e4 {[%clk 1:30:59]} c5 {[%clk 1:30:54]} 2. c3 {[%clk 1:31:26]} d5
{[%clk 1:30:40]} 3. exd5 {[%clk 1:31:51]} Qxd5 {[%clk 1:31:05]} 4. d4
{[%clk 1:32:17]} Nf6 {[%clk 1:30:42]} 5. Nf3 {[%clk 1:32:42]} Bg4
{[%clk 1:30:20]} 6. Be2 {[%clk 1:33:06]} e6 {[%clk 1:30:10]} 7. h3
{[%clk 1:33:30]} Bh5 {[%clk 1:29:28]} 8. O-O {[%clk 1:33:50]} Nc6
{[%clk 1:28:47]} 9. Be3 {[%clk 1:34:09]} cxd4 {[%clk 1:27:52]} 10. cxd4
{[%clk 1:34:33]} Be7 {[%clk 1:26:44]} 11. Nc3 {[%clk 1:34:56]} Qd6
{[%clk 1:26:08]} 12. Qb3 {[%clk 1:35:13]} O-O {[%clk 1:25:00]} 13. Rfd1
{[%clk 1:35:37]} Rfd8 {[%clk 1:23:21]} 14. Rac1 {[%clk 1:35:56]} Qb4
{[%clk 1:21:53]} 15. Qxb4 {[%clk 1:36:11]} Nxb4 {[%clk 1:22:02]} 16. g4
{[%clk 1:36:36]} Bg6 {[%clk 1:20:36]} 17. Ne5 {[%clk 1:36:59]} Nfd5
{[%clk 1:10:18]} 18. Nxd5 {[%clk 1:36:22]} Nxd5 {[%clk 1:08:36]} 19. Bf3
{[%clk 1:36:40]} Bd6 {[%clk 1:01:32]} 20. Nxg6 {[%clk 1:36:44]} hxg6
{[%clk 1:00:55]} 21. Bxd5 {[%clk 1:37:07]} exd5 {[%clk 1:01:21]} 22. Rc2
{[%clk 1:36:27]} Re8 {[%clk 1:00:16]} 23. Rdc1 {[%clk 1:36:01]} f5
{[%clk 0:58:21]} 24. gxf5 {[%clk 1:33:26]} gxf5 {[%clk 0:57:46]} 25. Re1
{[%clk 1:31:52]} Kf7 {[%clk 0:44:24]} 26. Bd2 {[%clk 1:29:55]} Rxe1+
{[%clk 0:41:06]} 27. Bxe1 {[%clk 1:30:20]} Re8 {[%clk 0:41:25]} 28. Kf1
{[%clk 1:30:33]} Re4 {[%clk 0:37:17]} 29. Bc3 {[%clk 1:30:49]} Kg6
{[%clk 0:31:41]} 30. Re2 {[%clk 1:30:05]} Kh5 {[%clk 0:28:01]} 31. Rxe4
{[%clk 1:24:44]} fxe4 {[%clk 0:28:04]} 32. Kg2 {[%clk 1:24:27]} g5
{[%clk 0:24:04]} 33. Bd2 {[%clk 1:23:21]} Bf4 {[%clk 0:23:20]} 34. Bc3
{[%clk 1:23:33]} Bd6 {[%clk 0:21:52]} 35. Bd2 {[%clk 1:23:47]} Bc7
{[%clk 0:20:34]} 36. Bc3 {[%clk 1:23:43]} Bf4 {[%clk 0:19:52]} 37. Be1
{[%clk 1:22:40]} g4 {[%clk 0:17:57]} 38. hxg4+ {[%clk 1:22:49]} Kxg4
{[%clk 0:18:23]} 39. Bb4 {[%clk 1:22:34]} Bc1 {[%clk 0:18:09]} 40. Bc3
{[%clk 1:22:43]} Kf4 {[%clk 0:17:08]} 41. b3 {[%clk 1:12:31]} e3 {[%clk 0:16:05]}
42. Kf1 {[%clk 1:12:11]} Ke4 {[%clk 0:14:39]} 43. fxe3 {[%clk 1:11:29]} Kxe3
{[%clk 0:14:20]} 44. Ke1 {[%clk 1:08:52]} Kd3 {[%clk 0:14:21]} 45. Ba1
{[%clk 1:08:44]} Bd2+ {[%clk 0:14:20]} 46. Kd1 {[%clk 1:08:42]} Bc3
{[%clk 0:14:40]} 47. Bxc3 {[%clk 1:08:51]} Kxc3 {[%clk 0:15:07]} 48. Kc1
{[%clk 1:08:58]} Kxd4 {[%clk 0:15:28]} 49. Kd2 {[%clk 1:09:22]} b5
{[%clk 0:14:54]} 50. a3 {[%clk 1:09:43]} a5 {[%clk 0:15:10]} 51. a4
{[%clk 1:09:28]} b4 {[%clk 0:15:27]} 52. Kc2 {[%clk 1:09:48]} Ke3
{[%clk 0:15:53]} 53. Kc1 {[%clk 1:10:06]} Ke2 {[%clk 0:16:15]} 54. Kc2
{[%clk 1:10:32]} d4 {[%clk 0:16:40]} 55. Kc1 {[%clk 1:10:46]} d3 {[%clk 0:17:07]}
56. Kb2 {[%clk 1:11:08]} d2 {[%clk 0:17:34]} 57. Ka2 {[%clk 1:11:34]} d1=Q
{[%clk 0:17:56]} 58. Kb2 {[%clk 1:11:59]} Qd2+ {[%clk 0:18:20]} 59. Kb1
{[%clk 1:12:21]} Kd3 {[%clk 0:18:38]} 60. Ka1 {[%clk 1:12:42]} Kc3
{[%clk 0:19:01]} 0-1

[Event "Eliminacje Strefowe do MPJ WP+ZP - C-13"]
[Site "Skorzecin"]
[Date "2018.09.26"]
[Round "4.2"]
[White "Luczak, Filip"]
[Black "Katny, Samuel"]
[Result "1-0"]
[BlackElo "1357"]
[WhiteElo "2095"]
[LiveChessVersion "1.4.8"]

1. Nf3 {[%clk 1:30:57]} Nc6 {[%clk 1:30:49]} 2. d4 {[%clk 1:31:18]} d5
{[%clk 1:31:11]} 3. g3 {[%clk 1:31:36]} Nf6 {[%clk 1:31:16]} 4. Bg2
{[%clk 1:32:00]} Bf5 {[%clk 1:31:14]} 5. O-O {[%clk 1:31:45]} e6 {[%clk 1:31:15]}
6. Nh4 {[%clk 1:30:31]} Bg6 {[%clk 1:30:24]} 7. c3 {[%clk 1:28:23]} Bd6
{[%clk 1:30:09]} 8. Nxg6 {[%clk 1:26:45]} hxg6 {[%clk 1:30:22]} 9. Nd2
{[%clk 1:26:57]} Qe7 {[%clk 1:22:00]} 10. e4 {[%clk 1:23:10]} dxe4
{[%clk 1:18:48]} 11. Nxe4 {[%clk 1:22:56]} Nxe4 {[%clk 1:18:47]} 12. Bxe4
{[%clk 1:23:24]} Qd7 {[%clk 1:19:08]} 13. Qf3 {[%clk 1:20:22]} O-O-O
{[%clk 1:08:57]} 14. b4 {[%clk 1:14:33]} Rh3 {[%clk 1:05:14]} 15. b5
{[%clk 1:03:07]} Na5 {[%clk 1:01:15]} 16. c4 {[%clk 0:59:42]} c6 {[%clk 0:53:46]}
17. Bd2 {[%clk 0:52:37]} f5 {[%clk 0:39:29]} 18. bxc6 {[%clk 0:42:37]} Nxc6
{[%clk 0:39:10]} 19. Bxc6 {[%clk 0:42:55]} bxc6 {[%clk 0:27:04]} 20. Kg2
{[%clk 0:26:14]} Rdh8 {[%clk 0:25:45]} 21. Rh1 {[%clk 0:26:34]} Qc7
{[%clk 0:25:27]} 22. c5 {[%clk 0:25:27]} Be7 {[%clk 0:24:35]} 23. Bf4
{[%clk 0:25:09]} Qb7 {[%clk 0:22:55]} 24. Rab1 {[%clk 0:22:05]} Qa6
{[%clk 0:22:53]} 25. Qb3 {[%clk 0:21:02]} Qb5 {[%clk 0:20:12]} 26. Qxe6+
{[%clk 0:19:59]} Kd8 {[%clk 0:20:15]} 27. Rxb5 {[%clk 0:20:18]} cxb5
{[%clk 0:20:34]} 28. c6 {[%clk 0:20:41]} Bd6 {[%clk 0:18:38]} 29. Qd7#
{[%clk 0:21:10]} 1-0

[Event "Eliminacje Strefowe do MPJ WP+ZP - C-13"]
[Site "Skorzecin"]
[Date "2018.09.26"]
[Round "4.3"]
[White "Wojdak, Jan"]
[Black "Jedraszek, Pawel"]
[Result "1/2-1/2"]
[BlackElo "1613"]
[WhiteElo "1848"]
[LiveChessVersion "1.4.8"]

1. e4 {[%clk 1:30:16]} c5 {[%clk 1:30:53]} 2. Nf3 {[%clk 1:30:37]} d6
{[%clk 1:31:19]} 3. d4 {[%clk 1:31:01]} cxd4 {[%clk 1:31:37]} 4. Nxd4
{[%clk 1:31:27]} Nf6 {[%clk 1:31:36]} 5. Nc3 {[%clk 1:31:54]} a6 {[%clk 1:31:33]}
6. Bg5 {[%clk 1:31:12]} e6 {[%clk 1:31:48]} 7. Qd2 {[%clk 1:31:38]} Be7
{[%clk 1:30:13]} 8. O-O-O {[%clk 1:31:59]} Nbd7 {[%clk 1:29:12]} 9. f4
{[%clk 1:30:17]} h6 {[%clk 1:28:51]} 10. Bh4 {[%clk 1:29:04]} Qc7
{[%clk 1:28:28]} 11. Qe1 {[%clk 1:20:18]} b5 {[%clk 1:25:46]} 12. a3
{[%clk 1:19:25]} Bb7 {[%clk 1:24:10]} 13. Nf3 {[%clk 0:47:06]} Rc8
{[%clk 1:15:36]} 14. Bf2 {[%clk 0:39:56]} Nxe4 {[%clk 1:14:48]} 15. Bd3
{[%clk 0:38:10]} Nxf2 {[%clk 1:13:44]} 16. Qxf2 {[%clk 0:38:35]} Nc5
{[%clk 1:12:55]} 17. Kb1 {[%clk 0:32:40]} O-O {[%clk 1:09:39]} 18. Rhe1
{[%clk 0:29:39]} Bf6 {[%clk 1:06:12]} 19. Nd4 {[%clk 0:29:59]} Qb6
{[%clk 1:03:26]} 20. Nb3 {[%clk 0:20:19]} Bxc3 {[%clk 1:01:27]} 21. bxc3
{[%clk 0:20:42]} Qc7 {[%clk 1:01:36]} 22. Nxc5 {[%clk 0:20:58]} Qxc5
{[%clk 1:01:52]} 23. Qxc5 {[%clk 0:20:18]} Rxc5 {[%clk 1:02:02]} 24. Bf1
{[%clk 0:20:00]} Bd5 {[%clk 0:47:18]} 25. Re3 {[%clk 0:19:56]} Rd8
{[%clk 0:46:51]} 26. g3 {[%clk 0:20:01]} Kf8 {[%clk 0:44:55]} 27. Bh3
{[%clk 0:19:12]} Ke7 {[%clk 0:43:11]} 28. Bg4 {[%clk 0:18:22]} Bb7
{[%clk 0:41:50]} 29. Kb2 {[%clk 0:17:45]} Kf6 {[%clk 0:37:41]} 30. Rf1
{[%clk 0:16:13]} Bd5 {[%clk 0:34:38]} 31. Bd1 {[%clk 0:14:38]} Bc4
{[%clk 0:33:30]} 32. Rf2 {[%clk 0:15:04]} d5 {[%clk 0:32:54]} 33. Rd2
{[%clk 0:15:21]} Rc7 {[%clk 0:31:38]} 34. g4 {[%clk 0:14:11]} a5 {[%clk 0:28:54]}
35. g5+ {[%clk 0:13:15]} hxg5 {[%clk 0:27:35]} 1/2-1/2

[Event "Eliminacje Strefowe do MPJ WP+ZP - C-13"]
[Site "Skorzecin"]
[Date "2018.09.26"]
[Round "4.4"]
[White "Kossowski, Pawel"]
[Black "Stachecki, Mikolaj"]
[Result "1-0"]
[BlackElo "1482"]
[WhiteElo "1506"]
[LiveChessVersion "1.4.8"]

1. e4 {[%clk 1:30:38]} c5 {[%clk 1:30:57]} 2. Nf3 {[%clk 1:30:50]} d6
{[%clk 1:31:22]} 3. d4 {[%clk 1:30:34]} cxd4 {[%clk 1:31:48]} 4. Nxd4
{[%clk 1:30:14]} Nf6 {[%clk 1:32:10]} 5. Nc3 {[%clk 1:29:02]} Nc6
{[%clk 1:32:34]} 6. Be3 {[%clk 1:27:28]} Ng4 {[%clk 1:32:39]} 7. Nf5
{[%clk 1:19:19]} Nxe3 {[%clk 1:30:50]} 8. Nxe3 {[%clk 1:19:25]} g6
{[%clk 1:30:47]} 9. Bc4 {[%clk 1:16:38]} Bg7 {[%clk 1:30:00]} 10. O-O
{[%clk 1:15:38]} O-O {[%clk 1:30:13]} 11. Qd2 {[%clk 1:11:20]} Bd7
{[%clk 1:20:59]} 12. f4 {[%clk 1:06:42]} Bd4 {[%clk 1:10:29]} 13. Rf3
{[%clk 1:04:01]} Qb6 {[%clk 0:53:17]} 14. Bb3 {[%clk 1:03:32]} Be6
{[%clk 0:45:30]} 15. Kh1 {[%clk 0:59:19]} Bxc3 {[%clk 0:37:16]} 16. bxc3
{[%clk 0:53:23]} Bxb3 {[%clk 0:32:00]} 17. cxb3 {[%clk 0:53:16]} Qc7
{[%clk 0:32:18]} 18. f5 {[%clk 0:50:25]} h5 {[%clk 0:27:53]} 19. Nd5
{[%clk 0:49:22]} Qd8 {[%clk 0:26:04]} 20. Qh6 {[%clk 0:48:34]} Ne5
{[%clk 0:25:38]} 21. f6 {[%clk 0:48:01]} exf6 {[%clk 0:26:02]} 22. Nxf6+
{[%clk 0:48:22]} Qxf6 {[%clk 0:26:28]} 23. Rxf6 {[%clk 0:48:45]} Ng4
{[%clk 0:26:54]} 24. Rxg6+ {[%clk 0:48:43]} fxg6 {[%clk 0:27:19]} 25. Qxg6+
{[%clk 0:49:09]} Kh8 {[%clk 0:27:44]} 26. Qxh5+ {[%clk 0:49:26]} Kg7
{[%clk 0:28:06]} 27. Qxg4+ {[%clk 0:49:46]} Kf7 {[%clk 0:28:28]} 28. Qd7+
{[%clk 0:49:27]} Kg8 {[%clk 0:28:51]} 29. Qxd6 {[%clk 0:49:22]} Rad8
{[%clk 0:29:14]} 30. Qg6+ {[%clk 0:48:21]} Kh8 {[%clk 0:29:36]} 31. e5
{[%clk 0:48:19]} Rd5 {[%clk 0:29:47]} 32. Qh6+ {[%clk 0:48:33]} Kg8
{[%clk 0:30:13]} 33. Qe6+ {[%clk 0:48:59]} 1-0

[Event "Eliminacje Strefowe do MPJ WP+ZP - C-13"]
[Site "Skorzecin"]
[Date "2018.09.27"]
[Round "5.1"]
[White "Jedraszek, Pawel"]
[Black "Luczak, Filip"]
[Result "0-1"]
[BlackElo "2095"]
[WhiteElo "1613"]
[LiveChessVersion "1.4.8"]

1. e4 {[%clk 1:30:59]} c5 {[%clk 1:30:56]} 2. Nf3 {[%clk 1:31:24]} d6
{[%clk 1:31:21]} 3. d4 {[%clk 1:31:49]} cxd4 {[%clk 1:31:47]} 4. Nxd4
{[%clk 1:32:13]} Nf6 {[%clk 1:32:13]} 5. Nc3 {[%clk 1:32:35]} a6 {[%clk 1:32:39]}
6. Bg5 {[%clk 1:32:56]} Nbd7 {[%clk 1:33:03]} 7. f4 {[%clk 1:31:07]} Qb6
{[%clk 1:32:58]} 8. a3 {[%clk 1:29:11]} h6 {[%clk 1:30:19]} 9. Bh4
{[%clk 1:27:11]} g5 {[%clk 1:25:57]} 10. fxg5 {[%clk 1:20:08]} hxg5
{[%clk 1:26:24]} 11. Bxg5 {[%clk 1:16:34]} Bh6 {[%clk 1:26:39]} 12. Bxh6
{[%clk 1:15:03]} Rxh6 {[%clk 1:27:07]} 13. Qd2 {[%clk 1:14:04]} Qxb2
{[%clk 1:12:02]} 14. Ra2 {[%clk 1:10:03]} Qb6 {[%clk 1:11:19]} 15. Qxh6
{[%clk 1:06:10]} Qxd4 {[%clk 1:11:42]} 16. Qd2 {[%clk 1:04:45]} Qc5
{[%clk 1:11:27]} 17. Bd3 {[%clk 0:49:41]} Ne5 {[%clk 1:08:59]} 18. h3
{[%clk 0:48:04]} Be6 {[%clk 1:06:27]} 19. Nd5 {[%clk 0:38:06]} Nxd5
{[%clk 1:01:20]} 20. exd5 {[%clk 0:38:29]} Bxd5 {[%clk 1:00:58]} 21. Ra1
{[%clk 0:38:14]} O-O-O {[%clk 0:54:49]} 22. Qf2 {[%clk 0:24:00]} Qc3+
{[%clk 0:45:53]} 23. Ke2 {[%clk 0:24:11]} Rg8 {[%clk 0:38:08]} 24. Rhg1
{[%clk 0:22:45]} Nc6 {[%clk 0:30:34]} 25. Rab1 {[%clk 0:18:36]} Nd4+
{[%clk 0:28:23]} 26. Kd1 {[%clk 0:15:03]} e5 {[%clk 0:26:48]} 27. Qd2
{[%clk 0:12:28]} Qc6 {[%clk 0:25:48]} 28. c4 {[%clk 0:07:56]} Bf3+
{[%clk 0:21:14]} 29. Kc1 {[%clk 0:07:50]} d5 {[%clk 0:16:18]} 30. Qf2
{[%clk 0:06:04]} dxc4 {[%clk 0:14:31]} 31. Bf5+ {[%clk 0:04:59]} Nxf5
{[%clk 0:14:31]} 32. gxf3 {[%clk 0:05:16]} Rd8 {[%clk 0:12:40]} 33. Qe2
{[%clk 0:04:14]} Qh6+ {[%clk 0:12:18]} 34. Kb2 {[%clk 0:03:32]} Rd2+
{[%clk 0:12:40]} 35. Qxd2 {[%clk 0:03:58]} Qxd2+ {[%clk 0:13:01]} 36. Ka1
{[%clk 0:04:25]} Nd4 {[%clk 0:12:48]} 37. Rb2 {[%clk 0:03:26]} Qc3
{[%clk 0:12:16]} 38. Ka2 {[%clk 0:03:15]} Qxf3 {[%clk 0:12:28]} 39. Rg8+
{[%clk 0:01:24]} Kc7 {[%clk 0:12:28]} 40. Re8 {[%clk 0:00:50]} Nb5
{[%clk 0:12:29]} 41. Rxb5 {[%clk 0:00:37]} axb5 {[%clk 0:12:48]} 42. Rxe5
{[%clk 0:00:37]} Qb3+ {[%clk 0:13:08]} 43. Ka1 {[%clk 0:01:03]} Qc3+
{[%clk 0:13:32]} 44. Ka2 {[%clk 0:01:23]} Qxe5 {[%clk 0:13:54]} 45. h4
{[%clk 0:00:41]} Qe2+ {[%clk 0:14:20]} 46. Kb1 {[%clk 0:00:32]} c3
{[%clk 0:14:48]} 47. Kc1 {[%clk 0:00:32]} Qd2+ {[%clk 0:15:16]} 48. Kb1
{[%clk 0:00:31]} Qb2# {[%clk 0:15:38]} 0-1

[Event "Eliminacje Strefowe do MPJ WP+ZP - C-13"]
[Site "Skorzecin"]
[Date "2018.09.27"]
[Round "5.2"]
[White "Ochedzan, Tymon"]
[Black "Wojdak, Jan"]
[Result "1-0"]
[BlackElo "1848"]
[WhiteElo "1890"]
[LiveChessVersion "1.4.8"]

1. e4 {[%clk 1:30:57]} c5 {[%clk 1:30:53]} 2. Nf3 {[%clk 1:31:18]} Nc6
{[%clk 1:31:17]} 3. d4 {[%clk 1:31:19]} cxd4 {[%clk 1:31:41]} 4. Nxd4
{[%clk 1:31:45]} Nf6 {[%clk 1:32:03]} 5. Nc3 {[%clk 1:31:50]} d6 {[%clk 1:32:28]}
6. Bg5 {[%clk 1:30:45]} e6 {[%clk 1:32:34]} 7. Qd2 {[%clk 1:30:06]} a6
{[%clk 1:32:55]} 8. O-O-O {[%clk 1:29:47]} Bd7 {[%clk 1:33:20]} 9. f4
{[%clk 1:28:26]} b5 {[%clk 1:33:41]} 10. Bxf6 {[%clk 1:27:19]} gxf6
{[%clk 1:33:25]} 11. Kb1 {[%clk 1:26:48]} Qb6 {[%clk 1:33:06]} 12. Nxc6
{[%clk 1:25:51]} Bxc6 {[%clk 1:32:53]} 13. f5 {[%clk 1:24:34]} b4
{[%clk 1:32:44]} 14. Ne2 {[%clk 1:23:57]} e5 {[%clk 1:32:57]} 15. Ng3
{[%clk 1:22:11]} h5 {[%clk 1:32:25]} 16. h4 {[%clk 1:18:29]} Qc5 {[%clk 1:32:14]}
17. Bd3 {[%clk 1:14:02]} a5 {[%clk 1:22:41]} 18. Qe2 {[%clk 1:08:58]} Ke7
{[%clk 1:19:55]} 19. Bc4 {[%clk 1:03:51]} a4 {[%clk 1:05:38]} 20. b3
{[%clk 0:58:11]} a3 {[%clk 0:58:53]} 21. Qf3 {[%clk 0:55:17]} Rc8
{[%clk 0:51:03]} 22. Nxh5 {[%clk 0:51:35]} Bh6 {[%clk 0:45:18]} 23. g4
{[%clk 0:47:57]} Qe3 {[%clk 0:32:48]} 24. Qxe3 {[%clk 0:46:41]} Bxe3
{[%clk 0:33:14]} 25. Rde1 {[%clk 0:41:38]} Bf2 {[%clk 0:29:27]} 26. Re2
{[%clk 0:40:47]} Bd4 {[%clk 0:29:52]} 27. Ng3 {[%clk 0:28:53]} Rcg8
{[%clk 0:28:08]} 28. g5 {[%clk 0:28:56]} fxg5 {[%clk 0:25:23]} 29. h5
{[%clk 0:26:41]} Rh6 {[%clk 0:19:19]} 30. Kc1 {[%clk 0:23:36]} Rg7
{[%clk 0:19:11]} 31. Kd2 {[%clk 0:20:20]} Kf6 32. Kd3 g4 {[%clk 0:13:54]} 33.
Reh2 {[%clk 0:17:42]} Kg5 {[%clk 0:11:02]} 34. Rf1 {[%clk 0:15:37]} f6
{[%clk 0:06:39]} 35. Kd2 {[%clk 0:12:56]} Rhh7 {[%clk 0:05:18]} 36. Rg2
{[%clk 0:11:04]} Kh6 {[%clk 0:05:21]} 37. Rh1 {[%clk 0:09:34]} Rg5
{[%clk 0:05:08]} 38. Rh4 {[%clk 0:08:27]} Rd7 {[%clk 0:05:03]} 39. Be6
{[%clk 0:06:04]} Rd8 {[%clk 0:05:20]} 40. Bd5 {[%clk 0:02:45]} Bb5
{[%clk 0:02:51]} 41. Be6 {[%clk 0:01:46]} Bc3+ {[%clk 0:02:38]} 42. Kd1
{[%clk 0:02:08]} d5 {[%clk 0:01:02]} 43. exd5 {[%clk 0:01:51]} Bc6
{[%clk 0:01:29]} 44. Ne4 {[%clk 0:01:51]} Bxd5 {[%clk 0:01:49]} 45. Bxd5
{[%clk 0:02:10]} Rxd5+ {[%clk 0:02:15]} 46. Ke2 {[%clk 0:02:23]} Rxf5
{[%clk 0:01:03]} 47. Rhxg4 {[%clk 0:02:30]} Kxh5 {[%clk 0:00:36]} 48. Rg8
{[%clk 0:02:26]} 1-0